| 000 | 00388nam a2200109Ia 4500 | ||
|---|---|---|---|
| 008 | 160909s9999 xx 000 0 und d | ||
| 100 | _aMorin, Jamie. | ||
| 245 | _aDifferences in leader self-efficacy based on mentor relationships and leader gender | ||
| 260 |
_bCapella University. _c2016 |
||
| 650 | _aENTREPRENEURSHIP | ||
| 856 | _uhttp://pqdtopen.proquest.com/doc/1809108376.html?FMT=ABS | ||
| 999 |
_c304424 _d304424 |
||